Excellent God / (Record no. 789932)

MARC details
000 -LEADER
fixed length control field 00569nam a22002057a 4500
003 - CONTROL NUMBER IDENTIFIER
control field 3228
005 - DATE AND TIME OF LATEST TRANSACTION
control field 20251126143615.0
008 - FIXED-LENGTH DATA ELEMENTS--GENERAL INFORMATION
fixed length control field 251126b sa ||||| |||| 00| 0 eng d
020 ## - INTERNATIONAL STANDARD BOOK NUMBER
International Standard Book Number 9781795691536 (paperback)
040 ## - CATALOGING SOURCE
Original cataloging agency MPL
Language of cataloging English
Transcribing agency 3228
Description conventions Resource Description and Access
041 ## - LANGUAGE CODE
Language code of text/sound track or separate title English
082 #0 - DEWEY DECIMAL CLASSIFICATION NUMBER
Classification number 248.4 SHAL
100 ## - MAIN ENTRY--PERSONAL NAME
9 (RLIN) 197938
Personal name Shalom
Relator term author
245 ## - TITLE STATEMENT
Title Excellent God /
Statement of responsibility, etc. Shalom
260 ## - PUBLICATION, DISTRIBUTION, ETC.
Place of publication, distribution, etc. [Centurion, South Africa]:
Name of publisher, distributor, etc. [Shalom],
Date of publication, distribution, etc. 2019
300 ## - PHYSICAL DESCRIPTION
Extent 171 pages ;
Dimensions 23 cm
650 #0 - SUBJECT ADDED ENTRY--TOPICAL TERM
9 (RLIN) 197939
Topical term or geographic name entry element Glory of God
700 ## - ADDED ENTRY--PERSONAL NAME
9 (RLIN) 197940
Personal name Shalom
Relator term author
942 ## - ADDED ENTRY ELEMENTS
Source of classification or shelving scheme Dewey Decimal Classification
item type Book
-- 5815
-- Pontsho Maoko
-- 5815
-- Pontsho Maoko
Holdings
Withdrawn status Lost status Source of classification or shelving scheme Damaged status Not for loan Collection code Home library Current library Shelving location Date acquired Total Checkouts Full call number Barcode Date last seen Price effective from item type
    Dewey Decimal Classification     200: Religion DELMAS PUBLIC LIBRARY DELMAS PUBLIC LIBRARY General Stacks 26.11.2025   248.4 SHAL 33228031084350 26.11.2025 26.11.2025 Book